000 00672nam a22002417a 4500
003 URS
005 20250828100510.0
008 250407b ||||| |||| 00| 0 eng d
020 _a9712317870
040 _cURS
050 _aLB1047.3
_b.Ad19 1995
100 1 _9432
_aGalicano-Adanza, Estela,
245 _aResearch methods
_b: principles and applications
250 _a1st Edition
264 _aManila
_bRex Book Store
_c©1995
300 _a200 pages.,:
_c23 cm.
336 _2rdacontent
_atext
337 _2rdamedia
_aunmediated
338 _2rdacarrier
_avolume
650 0 _92222
_aReport writing
650 0 _910079
_aResearch -- Methodology.
942 _2lcc
_cF
999 _c84981
_d84979